4. SAVAGES - Ice Nine Kills (Lyrics) - Statistics

General Stats
  • This quiz has been taken 8 times
  • The average score is 161 of 304
Answer Stats
Answer % Correct
alive
100%
are
100%
are
100%
are
100%
Eating
100%
hide
100%
in
100%
night
100%
Nowhere
100%
nowhere
100%
original
100%
run,
100%
savages
100%
savages,
100%
savages
100%
the
100%
The
100%
the
100%
the
100%
the
100%
to
100%
to
100%
Villains
100%
We
100%
We
100%
we
100%
you
100%
cringe
75%
lie
75%
of
75%
on
75%
Out
75%
the
75%
we
75%
where
75%
alive
50%
alive
50%
alive
50%
alive
50%
and
50%
and
50%
and
50%
and
50%
and
50%
and
50%
are
50%
are
50%
are
50%
are
50%
are
50%
are
50%
are
50%
are
50%
are
50%
are
50%
are
50%
are
50%
battle
50%
battle
50%
battle
50%
Because
50%
call
50%
call
50%
call
50%
'Cause
50%
'Cause
50%
devil)
50%
devil)
50%
devil)
50%
devil)
50%
devil)
50%
devil)
50%
die
50%
Eating
50%
Eating
50%
Eating
50%
Eating
50%
follow
50%
get
50%
get
50%
get
50%
get
50%
get
50%
get
50%
good
50%
Hey,
50%
hey,
50%
hey
50%
Hey,
50%
hey,
50%
hey
50%
Hey,
50%
hey,
50%
hey
50%
Hey,
50%
hey,
50%
hey
50%
Hey,
50%
hey,
50%
hey
50%
Hey,
50%
hey,
50%
hey
50%
hide
50%
hide
50%
hide
50%
hide
50%
horns
50%
horns
50%
horns
50%
horns
50%
horns
50%
horns
50%
if
50%
in
50%
in
50%
in
50%
in
50%
invincible
50%
invincible
50%
invincible
50%
is
50%
is
50%
is
50%
is
50%
it
50%
know
50%
lethal
50%
make
50%
(Mess
50%
(Mess
50%
(Mess
50%
(Mess
50%
(Mess
50%
(Mess
50%
neighborhood
50%
night
50%
night
50%
night
50%
night
50%
not
50%
not
50%
not
50%
Nowhere
50%
nowhere
50%
Nowhere
50%
nowhere
50%
Nowhere
50%
nowhere
50%
Nowhere
50%
nowhere
50%
of
50%
of
50%
of
50%
on
50%
original
50%
original
50%
original
50%
original
50%
our
50%
our
50%
our
50%
our
50%
our
50%
out
50%
pack
50%
run,
50%
run,
50%
run,
50%
run,
50%
savages
50%
savages,
50%
savages
50%
savages
50%
savages,
50%
savages
50%
savages
50%
savages,
50%
savages
50%
savages
50%
savages,
50%
savages
50%
saw
50%
side
50%
society's
50%
sound
50%
soundtrack
50%
Stay
50%
the
50%
the
50%
the
50%
the
50%
the
50%
the
50%
the
50%
the
50%
The
50%
the
50%
the
50%
the
50%
the
50%
the
50%
the
50%
the
50%
the
50%
the
50%
The
50%
the
50%
the
50%
the
50%
the
50%
The
50%
the
50%
the
50%
the
50%
the
50%
The
50%
the
50%
the
50%
the
50%
the
50%
the
50%
the
50%
the
50%
This
50%
This
50%
This
50%
'til
50%
to
50%
to
50%
to
50%
to
50%
to
50%
to
50%
to
50%
to
50%
Villains
50%
Villains
50%
Villains
50%
Villains
50%
we
50%
We
50%
We
50%
we
50%
We
50%
We
50%
we
50%
We
50%
We
50%
we
50%
We
50%
We
50%
we
50%
we're
50%
what's
50%
with
50%
with
50%
with
50%
with
50%
with
50%
with
50%
won't
50%
you
50%
you
50%
you
50%
you
50%
you
50%
you
50%
you
50%
you
50%
you
50%
you
50%
you
50%
you
50%
your
50%
You're
50%
You're
50%
You're
50%
call
25%
cringe
25%
die
25%
heed
25%
is
25%
law,
25%
lethal
25%
liabilities
25%
liabilities
25%
lie
25%
of
25%
of
25%
on
25%
Out
25%
society
25%
the
25%
the
25%
the
25%
'til
25%
tracks
25%
we
25%
we
25%
We're
25%
where
25%
Won't
25%
won't
25%
No matching quizzes found
Score Distribution
Percent of People with Each Score
Percentile by Number Answered
Your Score History
You have not taken this quiz